Tobias Bärmann : Cali chronicles /

Bibliographic Details
Other Authors: Bärmann, Tobias (Photographer, Editor)
Format: Book
Language:English
Published: Bielefeld, Germany : Kerber Photo, [2019]
Series:Kerber photoart.
Subjects:

MARC

Tag First Indicator Second Indicator Subfields
LEADER 00000cam a2200000Ii 4500
001 in00004124708
008 191130t20192019gw a c 000 0 eng d
005 20250318214050.9
020 |a 9783735606389 
020 |a 3735606385  |q paperback 
024 3 |a 9783735606389 
035 |a (OCoLC)on1129256185 
035 |a (OCoLC)1129256185 
040 |a OHX  |b eng  |e rda  |c OHX  |d JPG  |d OCLCF  |d UAB  |d YDXIT 
043 |a n-us-ca 
050 4 |a TR655  |b .B37 2019 
072 7 |a TR  |2 lcco 
082 0 4 |a 779.09  |2 23 
100 1 |a Bärmann, Tobias,  |e photographer,  |e editor. 
245 1 0 |a Tobias Bärmann :  |b Cali chronicles /  |c photography and editing, Tobias Bärmann ; text, Anna Czerlitzki. 
264 1 |a Bielefeld, Germany :  |b Kerber Photo,  |c [2019] 
264 4 |c ©2019 
300 |a 1 volume (unpaged) :  |b chiefly color illustrations ;  |c 28 cm. 
336 |a text  |b txt  |2 rdacontent 
336 |a still image  |b sti  |2 rdacontent 
337 |a unmediated  |b n  |2 rdamedia 
338 |a volume  |b nc  |2 rdacarrier 
490 1 |a Kerber photo 
500 |a Book has special paperback binding with only one side fixed to cover. 
650 0 |a Photography, Artistic. 
651 0 |a Los Angeles (Calif.)  |v Pictorial works. 
600 1 0 |a Bärmann, Tobias. 
650 7 |a Photography, Artistic.  |2 fast  |0 (OCoLC)fst01061964 
651 7 |a California  |z Los Angeles.  |2 fast  |0 (OCoLC)fst01204540 
655 7 |a Pictorial works.  |2 fast  |0 (OCoLC)fst01423874 
700 1 |a Czerlitzki, Anna,  |e writer of supplementary textual content. 
830 0 |a Kerber photoart. 
852 8 |b pda,print  |z This title is available for the library to purchase for your use. Click the "Purchase It For Me" button to place a request. This item may take 5-10 business days to arrive. 
955 |a Print PDA title 
961 |m 565730 
999 f f |s a249c1d0-bfc1-4ba0-b340-46c1f91b8868  |i 2f34e367-3b0a-358e-bcdc-89a1944405ea  |t 0 
952 f f |a Texas A&M University  |b College Station  |c Sterling C. Evans Library  |d Purchase on Demand  |t 0  |e TR655 .B37 2019  |h Library of Congress classification 
998 f f |a TR655 .B37 2019  |t 0  |l Purchase on Demand